Lenin (Registro nro. 17798)

Detalles MARC
000 -LDR (LÍDER)
Campo de control de longitud fija 01903nam a2200361 a 4500
003 - IDENTIFICADOR DEL NÚMERO DE CONTROL
Campo de control CO-PeBPR
005 - FECHA Y HORA DE LA ÚLTIMA TRANSACCIÓN
Campo de control 20260428095800.0
008 - ELEMENTOS DE DATOS DE LONGITUD FIJA--INFORMACIÓN GENERAL
Campo de control de longitud fija 260415e2024 ck a|||| n||| 00| 0 spa c
020 ## - Código Internacional normalizado para libros
Código Internacional normalizado para libros 9789586658478
040 0# - FUENTE DE CATALOGACIÓN
Agencia catalogadora original CO-PeBPR
Idioma de la agencia catalogadora spa
Agencia que transcribe CO-PeBPR
Norma para la descripción rda
041 0# - Código del Idioma
Código idioma del recurso original spa
082 04 - NÚMERO DE CLASIFICACIÓN DECIMAL DEWEY
Número de clasificación 923.1 L566c
100 1# - ASIENTO PRINCIPAL--NOMBRE PERSONAL
Nombre personal Comotto, Agustín
Términos de relación autor
-- ilustrador
245 ## - MENCIÓN DE TÍTULO
Título propiamente dicho Lenin
Subtítulo o título paralelo : El hombre que cambió el mundo
Mención de responsabilidad / Texto e ilustraciones de Agustín Comotto
250 ## - MENCIÓN DE EDICIÓN
Mención de edición Edición especial
264 #1 - Área de la Producción Publicación, Distribución, Manufactura, etc.
Lugar de publicación, distribución, etc. Bogotá, Colombia
Nombre de la editorial, distribuidor, etc. : Siglo del Hombre
Fecha de publicación, distribución, etc. , 2024
300 ## - DESCRIPCIÓN FÍSICA
Extensión 123 páginas
Otros detalles físicos : ilustraciones a color
Dimensiones ; 23 centímetros
336 ## - Tipo de Contenido
Tipo de contenido texto
Código de tipo de contenido txt
Fuente rdacontenido
337 ## - Tipo de Medio
Tipo de Medio sin mediación
Código de tipo de medio n
Fuente rdamedio
338 ## - Tipo de Soporte
Tipo de soporte volumen
Código de tipo de soporte nc
Fuente rdasoporte
500 ## - NOTA GENERAL
Nota general Incluye índice.
504 ## - NOTA DE BIBLIOGRAFIA, ETC.
Nota de bibliografía Incluye bibliografía.
520 ## - NOTA DE RESUMEN, ETC.
Ampliación de la nota de sumario Pocas veces se puede narrar cómo el genio de un individuo cambió el curso de la historia humana a escala global. Lenin. El hombre que cambió el mundo cuenta el periplo vital del creador del primer Estado fruto de un diseño intelectual y no de la evolución natural de la vida en sociedad. Lenin, como nadie antes, supo interpretar el comportamiento y la reacción de las personas y, así, erigir desde la nada un poder político nunca antes visto. Con él nació el primer Estado Socialista. A través de su breve vida, el lector descubrirá una época apasionante donde los acontecimientos en torno al protagonista son favorables al gran cambio que tenía entre manos.
521 ## - NOTA DE AUDIENCIA
Nota de audiencia Recomendado para Jóvenes y adultos.
600 14 - ASIENTO SECUNDARIO DE MATERIA - NOMBRE PERSONAL
Nombre personal Lenin, Vladimir Ilich
Fechas asociadas al nombre 1870-1924
650 14 - ASIENTO SECUNDARIO DE MATERIA - TÉRMINO TEMÁTICO
Fuente del encabezado o término LEMB
Encabezamiento temático Lideres comunistas
Subdivisión general Biografías
650 14 - ASIENTO SECUNDARIO DE MATERIA - TÉRMINO TEMÁTICO
Fuente del encabezado o término LEMB
Encabezamiento temático Revolucionarios
650 14 - ASIENTO SECUNDARIO DE MATERIA - TÉRMINO TEMÁTICO
Fuente del encabezado o término LEMB
Encabezamiento temático Revolución
Subdivisión geográfica Rusia
650 14 - ASIENTO SECUNDARIO DE MATERIA - TÉRMINO TEMÁTICO
Fuente del encabezado o término LEMB
Encabezamiento temático Socialismo
Subdivisión general Historia
651 ## - ASIENTO SECUNDARIO DE MATERIA - NOMBRE GEOGRÁFICO
Fuente del encabezado o término LEMB
Encabezamiento geográfico Políticos rusos
Subdivisión general Biografías
651 ## - ASIENTO SECUNDARIO DE MATERIA - NOMBRE GEOGRÁFICO
Fuente del encabezado o término LEMB
Encabezamiento geográfico Unión Soviética
Subdivisión general Historia
Subdivisión cronológica 1917-1921
942 ## - ENTRADA DE ELEMENTOS AGREGADOS (KOHA
Fuente de clasificación o esquema de estantería. Dewey Decimal Classification
Tipo de ítem Libro
Existencias
Estado de pérdida Fuente del sistema de clasificación o colocación Estado de daño No disponible para préstamo Colección Biblioteca de origen Biblioteca actual Ubicación en estantería Signatura topográfica completa Ejemplar Código de barras Tipo de ítem Fecha de adquisición Fuente de adquisición Total de pagos Fecha de la última vez visto
  Dewey Decimal Classification     General Sala de Patrimonio Bibliográfico y Documental - Biblioteca Departamental Sala de Patrimonio Bibliográfico y Documental - Biblioteca Departamental Área General 923.1 L566c Ej.1 RIBPD16019 Libro 28/04/2026 Dotación MinCultura y BNC   28/04/2026